Matemáticas para aprender a pensar: el papel de las creencias en la resolución de problemas
Bewaard in:
| Hoofdauteurs: | , |
|---|---|
| Formaat: | Boek |
| Taal: | Spaans |
| Gepubliceerd in: |
Madrid
Narcea
2005
|
| Editie: | 2a. ed |
| Reeks: | Educación Hoy Estudios
|
| Onderwerpen: | |
| Tags: |
Voeg label toe
Geen labels, Wees de eerste die dit record labelt!
|
MARC
| LEADER | 00000nam a2200000 a 4500 | ||
|---|---|---|---|
| 001 | UCH5860 | ||
| 003 | CL-VaPUC | ||
| 008 | 091105e20050000SP |||||||||||||||||spa|d | ||
| 020 | |a 842771470X | ||
| 082 | 0 | 4 | |a 372.7 |b VIL |2 21 |
| 100 | 0 | |a Vila Corts, Antoni |e author |9 542235 | |
| 700 | 0 | |a Callejo de la Vega, María Luz |e author |9 542236 | |
| 245 | 1 | 0 | |a Matemáticas para aprender a pensar: el papel de las creencias en la resolución de problemas |
| 250 | |a 2a. ed | ||
| 300 | |a 218 p | ||
| 942 | |c BK | ||
| 945 | |d 20091105 00:00:00 |a rbrito | ||
| 260 | |a Madrid |b Narcea |c 2005 | ||
| 650 | 0 | |a Matemáticas |x Enseñanza |9 875527 | |
| 650 | 0 | |a Educación básica |9 224933 | |
| 650 | 0 | |a Aprendizaje |9 254827 | |
| 650 | 0 | |a Métodos de enseñanza |9 270413 | |
| 583 | |a last modification |c 20091105 00:00:00 |k Rodrigo Vera | ||
| 490 | 0 | |a Educación Hoy Estudios | |
| 999 | |c 336896 |d 336894 | ||
| 952 | |0 0 |1 0 |4 0 |6 372_700000000000000_VIL_2005 |7 0 |8 A |9 428944 |a BIBEDU |b BIBEDU |d 2019-11-22 |i 4614399 |l 4 |m 1 |o 372.7 VIL 2005 |p 4614399 |r 2023-08-09 |s 2023-07-31 |w 2019-11-22 |y BK |k EPE | ||